Genel ekonomik hedefler ve yatırımlar (Record no. 4201)

MARC details
000 -BAŞLIK
Sabit Uzunlukta Kontrol Alanı 00633na a2200217 4500
001 - KONTROL NUMARASI
Denetim Alanı 17859
003 - KONTROL NUMARASI IDENTIFIER
Denetim Alanı MIRAKIL
005 - SON İŞLEM TARİHİ VE ZAMANI
Denetim Alanı 20181213154956.0
008 - SABİT-BOY VERİ ELEMANLARI - GENEL BİLGİLER
Sabit Uzunlukta Kontrol Alanı 161107b tu 000 0
040 ## - KATALOGLAMA KAYNAK
Orijinal Kataloglama Ajansı Milas
Kataloglama Dili tur
Metne Dönüştürmek Ajansı TR-AnCHP
041 ## - DİL KODU
Metin / Ses Parça Veya Ayrı Başlığın Dil Kodu tur
082 ## - DEWEY ONLU SINIFLANDIRMA NUMARASI
Sınıflandırma Numarası 330.9561
Ürün Numarası G35 1997
090 ## - SINIFLAMA NUMARASI
Sınıflama Numarası 330.9561 G35 1997
245 ## - BAŞLIK TABLOSU
Başlık Genel ekonomik hedefler ve yatırımlar
Başlığın Kalan 1998
Sorumluluk Tablosu, Vb Devlet Planlama Teşkilatı (DPT)
260 ## - YAYIN, DAĞITIM, VB
Yayın, Dağıtım, Vb Yeri Ankara
Yayıncı, Dağıtıcı, Vs Adı DPT
Yayın, Dağıtım, Vb Tarihi 1997
300 ## - FİZİKSEL TANIM
Kapsam 69 s.
Diğer Fiziksel Ayrıntıları tbl.
Boyutlar 1997
650 ## - KONU KATMA GİRİŞ - TOPİKAL DÖNEM
Topikal Süreli Veya Coğrafi Ad Giriş Elemanı Yatırımlar
Genel Alt Bölümü 1998
Coğrafi Alt Bölümü Türkiye
650 ## - KONU KATMA GİRİŞ - TOPİKAL DÖNEM
Topikal Süreli Veya Coğrafi Ad Giriş Elemanı Ekonomi
Genel Alt Bölümü Yatırımlar
Coğrafi Alt Bölümü Türkiye
710 ## - KATMA GİRİŞ - KURUMSAL ADI
Giriş Elemanı Olarak Kurumsal Ad Veya Yargı Alanı Adı Devlet Planlama Teşkilatı (DPT)
942 ## - EKLENDİ GİRİŞ ELEMANLARI (KOHA)
Sınıflandırma Veya Raf Düzeni Kaynak Dewey Decimal Classification
Koha Öğesi Türü Books
999 ## - SİSTEM KONTROL NUMARALARI (KOHA)
Koha Biblionumber 4201
Koha Biblioitemnumber 4201
Holdings
Kalıcı Konum Mevcut Konum Edinme Tarihi Edinim Kaynak Toplam Check-Out'Lar Tam Çağrı Numarası Barkod Tarih Son Görülme İtibaren Geçerli Fiyatlar Koha Öğesi Türü
CHP Kütüphanesi CHP Kütüphanesi 11/07/2016 Bağış   330.9561 G35 1997 008399 11/07/2016 11/07/2016 Books